000 00771nam a2200205 i 4500
001 89904
003 ES-MaACL
005 20250819063045.0
007 t|
008 050117m19091914fr ||||1| fre d
080 _a929 Turesme, Henri de La Tour d'Auvergne.Vicomte
100 1 _aTurenne, Henri de La Tour d'Auvergne,
_cVizconde de,
_d1611-1675
_970554
245 1 0 _aMémoires du Marèchal de Turenne /
_cpubliés pour la Societé de l'Histoire de France par Paul Marichal.
260 _aParis :
_bRenonard,
_c1909-1914 (
_eNoguet-le-Rotrou :
_fImp. Danpelley-Gouverner)
300 _a2 v. ;
_c24 cm.
500 _aVol. 1º: 1643-1659, Vol. 2º: 1654-1659.
700 1 _aMarichal, Paul.
_976702
852 _aES-MaACL
_jG-2699-2700
999 _c89904
_d89904